Bozo – egy szövegszerkesztő alapú programfejlesztő környezet
Elmentve itt :
| Szerző: | |
|---|---|
| További közreműködők: | |
| Dokumentumtípus: | Szakdolgozat |
| Megjelent: |
1991
|
| Tárgyszavak: | |
| Online Access: | http://diploma.bibl.u-szeged.hu/1024 |
| LEADER | 00561nta a2200157 i 4500 | ||
|---|---|---|---|
| 001 | dipl1024 | ||
| 005 | 20130314070225.0 | ||
| 008 | 101213s1991 hu om 0|| hun d | ||
| 040 | |a SZTE Diploma Repozitórium |b hun | ||
| 041 | |a hun | ||
| 100 | 1 | |a Zawiasa Róbert | |
| 245 | 1 | 0 | |a Bozo – egy szövegszerkesztő alapú programfejlesztő környezet |h [elektronikus dokumentum] / |c Róbert Zawiasa |
| 260 | |c 1991 | ||
| 650 | 4 | |a Informatika | |
| 700 | 1 | |a nincs megadva |e ths | |
| 856 | 4 | 0 | |u http://diploma.bibl.u-szeged.hu/id/eprint/1024/1/1991_zawiasa_robert_91_106.pdf |z Dokumentum-elérés |